Zodpovednosť zamestnávateľa pri zrazení dane

V praxi sa stáva, že zamestnávateľ v priebehu roka zamestnancovi nesprávne zrazil preddavky na daň z príjmov zo závislej činnosti, vyplatil nesprávnu sumu daňového bonusu, alebo po vykonaní ročného zúčtovania preddavkov zrazil nesprávnu výšku dane, nesprávne vyplatil daňový bonus či zamestnaneckú pr...

Ausführliche Beschreibung

Gespeichert in:
Bibliographische Detailangaben
1. Verfasser: Valterová, Ivana
Format: Buchkapitel
Sprache:Slowakisch
Schlagworte:
Tags: Tag hinzufügen
Keine Tags, Fügen Sie das erste Tag hinzu!

MARC

LEADER 00000naa a2200000 4500
001 0301298
005 20240606105049.4
041 0 |a slo 
044 |a SK 
245 1 0 |a Zodpovednosť zamestnávateľa pri zrazení dane  |c Ivana Valterová 
520 |a V praxi sa stáva, že zamestnávateľ v priebehu roka zamestnancovi nesprávne zrazil preddavky na daň z príjmov zo závislej činnosti, vyplatil nesprávnu sumu daňového bonusu, alebo po vykonaní ročného zúčtovania preddavkov zrazil nesprávnu výšku dane, nesprávne vyplatil daňový bonus či zamestnaneckú prémiu. Článok sa zameriava na spôsoby a termíny vysporiadania uvedených nesprávností. 
610 2 0 |a zamestnanci 
610 2 0 |a zamestnávatelia 
610 2 0 |a preddavky 
610 2 0 |a dane 
610 2 0 |a bonus daňový 
610 2 0 |a zúčtovanie 
610 2 0 |a povinnosti zamestnávateľov 
610 2 0 |a vzťahy pracovnoprávne 
610 2 0 |a zákonník práce 
610 2 0 |a legislatíva 
100 1 |a Valterová, Ivana